000 00964nam a2200241 i 4500
001 62354
003 ES-MaACL
005 20251118191528.0
007 t|
008 031120s1952 sp ||||1| spa d
100 1 _aFeliu Egidio, Vicente.
_949200
245 1 0 _aSistematización del pensamiento de Balmes en orden a la filosofía de la historia
_b: memoria /
_cescrita por Vicente Feliu Egidio.
260 _aMadrid :
_b[s.n.],
_c1952 (
_fImp. Juan Bravo)
300 _a314 p. ;
_c23 cm.
510 _aCCPB,
_c001052165-8
600 1 4 _aBalmes, Jaime,
_d1810-1848
_925096
650 7 _9158248
_aFilosofía-
_vHistoria
852 _aES-MaACL
_jD-6542
_bR.31612
_bR.M.6133
_964716
_cSVI
_fSello en tinta azul de la Biblioteca del Ateneo de Madrid
_eCubierta
942 _2udc
_cMONOGRAFIA
999 _c62354
_d62354